Normal view
MARC view
Entry Personal Name
001 - CONTROL NUMBER
- control field: 66963
003 - CONTROL NUMBER IDENTIFIER
- control field: dpl
005 - DATE AND TIME OF LATEST TRANSACTION
- control field: 20240527160234.0
008 - FIXED-LENGTH DATA ELEMENTS
- fixed length control field: 240527|| aca||aabn | a|a d
040 ## - CATALOGING SOURCE
- Original cataloging agency: dpl
- Transcribing agency: dpl
100 ## - HEADING--PERSONAL NAME
- Personal name: Markanda P. C
670 ## - SOURCE DATA FOUND
- Source citation: Work cat.: (dpl)203292: Markanda P. C., Law Relating To Arbitration And Concillation/, 2022
